[Event "AUTO-OPEN-2634"]
[Site "http://www.queenalice.com/game.php?id=1039634"]
[Date "2012.3.16"]
[Round "1"]
[White "capabllanca"]
[Black "pomar"]
[Result "1-0"]
[WhiteElo "2037"]
[BlackElo "1986"]

1. d4 e6 2. e4 d5 3. Nc3 c5 4. Nf3 Nc6 5. exd5 exd5 6. Bb5 cxd4 7. Nxd4 Ne7 8.
O-O Bd7 9. Re1 a6 10. Bf1 Nxd4 11. Qxd4 Bc6 12. Bg5 f6 13. Bf4 Qd7 14. Rad1 Kf7
15. Bc4 Rd8 16. Bb3 Nf5 17. Qb6 Bd6 18. Nxd5 Kg6 19. Bxd6 Qxd6 20. g4 Nh4 21.
Qe3 Rhe8 22. Nf4+ Kh6 23. Ne6+ g5 24. Rxd6 Rxd6 25. f4 Nf3+ 26. Kf2 Nxe1 27.
Qh3+ 1-0

[Event "AUTO-OPEN-2634"]
[Site "http://www.queenalice.com/game.php?id=1039635"]
[Date "2012.3.16"]
[Round "1"]
[White "pomar"]
[Black "capabllanca"]
[Result "0-1"]
[WhiteElo "2000"]
[BlackElo "1989"]

1. f3 e5 2. Kf2 d5 3. e3 f5 4. c4 c6 5. cxd5 cxd5 6. d4 exd4 7. Qxd4 Nc6 8. Bb5
Nf6 9. Nc3 Bd6 10. Nxd5 Nxd5 11. Qxg7 Qf6 12. Qxf6 Nxf6 13. Ne2 Bd7 14. Rd1 Be5
15. Kg1 O-O-O 16. f4 Bc7 17. b3 Bb6 18. Rd3 Rhe8 19. Nd4 Nxd4 20. exd4 Bxb5 21.
Rc3+ Kb8 22. Be3 Rxe3 0-1

[Event "AUTO-OPEN-2634"]
[Site "http://www.queenalice.com/game.php?id=1039636"]
[Date "2012.3.16"]
[Round "1"]
[White "capabllanca"]
[Black "favazza2007"]
[Result "1-0"]
[WhiteElo "2019"]
[BlackElo "1875"]

1. d4 d5 2. c4 e6 3. Nc3 Bb4 4. Qc2 Bxc3+ 5. bxc3 dxc4 6. e4 Ne7 7. Bxc4 O-O 8.
Nf3 Nbc6 9. O-O Bd7 10. Bg5 f6 11. Bh4 Ng6 12. Bg3 Kh8 13. h4 e5 14. h5 Nge7 15.
h6 gxh6 16. dxe5 fxe5 17. Nxe5 Nxe5 18. Bxe5+ Rf6 19. Bxf6# 1-0

[Event "AUTO-OPEN-2634"]
[Site "http://www.queenalice.com/game.php?id=1039637"]
[Date "2012.3.16"]
[Round "1"]
[White "favazza2007"]
[Black "capabllanca"]
[Result "0-1"]
[WhiteElo "1842"]
[BlackElo "2085"]

1. c4 Nf6 2. Nc3 e6 3. Nf3 b6 4. d4 Bb7 5. Bg5 Be7 6. Bxf6 Bxf6 7. e4 d6 8. Bd3
Nd7 9. O-O O-O 10. Qc2 g6 11. Rae1 e5 12. d5 Bg7 13. b4 a5 14. a3 Qf6 15. b5
Rae8 16. Be2 Qe7 17. Kh1 f5 18. exf5 gxf5 19. Ng1 Qh4 20. Qd3 e4 21. Qh3 Qxh3
22. Nxh3 Bxc3 23. Rc1 Bb2 24. Rb1 Bxa3 25. Rb3 Bc5 26. Bh5 Re7 27. Rg3+ Rg7 28.
Ng5 f4 29. Rg4 Nf6 30. Bf7+ Rfxf7 31. Nxf7 Nxg4 32. Nd8 Nxf2+ 33. Rxf2 Bxf2 34.
Nxb7 f3 35. g3 e3 36. Nxd6 e2 37. Nf5 e1=R# 0-1

[Event "AUTO-OPEN-2634"]
[Site "http://www.queenalice.com/game.php?id=1039638"]
[Date "2012.3.16"]
[Round "1"]
[White "capabllanca"]
[Black "rpalmero"]
[Result "1-0"]
[WhiteElo "2046"]
[BlackElo "1948"]

1. d4 Nf6 2. c4 c5 3. d5 e6 4. Nc3 a6 5. e4 exd5 6. exd5 Bd6 7. Bd3 O-O 8. Nge2
Re8 9. O-O Be5 10. Bg5 h6 11. Bh4 d6 12. f4 Bxc3 13. Nxc3 Bg4 14. Qc2 Nbd7 15.
h3 Bh5 16. g4 Re3 17. gxh5 Rxh3 18. Be1 Nxh5 19. Bf5 Re3 20. Qd2 Re8 21. Qh2
Nhf6 22. Bh4 Re3 23. Ne4 Qe7 24. Rae1 Rxe1 25. Rxe1 Qf8 26. Nxf6+ Nxf6 27. Bxf6
gxf6 28. Re3 Re8 29. Rg3+ Kh8 30. Qh4 Re1+ 31. Kf2 Rd1 32. Qxf6+ 1-0

[Event "AUTO-OPEN-2634"]
[Site "http://www.queenalice.com/game.php?id=1039639"]
[Date "2012.3.16"]
[Round "1"]
[White "rpalmero"]
[Black "capabllanca"]
[Result "1/2-1/2"]
[WhiteElo "1936"]
[BlackElo "2051"]

1. c4 Nf6 2. d4 g6 3. Nc3 Bg7 4. Nf3 O-O 5. Bf4 d6 6. e3 Nbd7 7. Bd3 Re8 8. O-O
h6 9. Qc2 e5 10. dxe5 dxe5 11. Bg3 Nh5 12. Rad1 Nxg3 13. hxg3 Qe7 14. Nd5 Qd6
15. Be2 e4 16. Nd4 c6 17. Nc3 Qe5 18. b4 Nf6 19. a4 Bg4 20. Bxg4 Nxg4 21. Nce2
Qh5 22. Rfe1 Qh2+ 23. Kf1 Qh1+ 24. Ng1 Nh2+ 25. Ke2 Qxg2 26. Rd2 Bxd4 27. Rxd4
Rad8 28. Qc3 Nf3 1/2-1/2

[Event "Let's Play Chess!"]
[Site "http://www.queenalice.com/game.php?id=1041458"]
[Date "2012.3.22"]
[Round "-"]
[White "capabllanca"]
[Black "ricardobianchin"]
[Result "1-0"]
[WhiteElo "2073"]
[BlackElo "1500"]

1. d4 d5 2. c4 Nf6 3. cxd5 Nxd5 4. e4 e6 5. exd5 exd5 6. Nc3 Be6 7. Nf3 Nc6 8.
Bb5 Bd6 9. Ne5 O-O 10. Bxc6 bxc6 11. O-O Qe8 12. Bf4 c5 13. dxc5 Bxc5 14. Qa4
Qe7 15. Rad1 Bg4 16. Nxg4 Rad8 17. Nxd5 Qe6 18. Nge3 c6 19. Nc3 Qf6 20. Ng4 Qf5
21. Bc7 Rc8 22. Bd6 Bxd6 23. Rxd6 Rb8 24. Rf6 gxf6 25. Nh6+ Kh8 26. Nxf5 Rg8 27.
Nh6 Rg7 28. Qf4 Rxb2 29. Qxf6 1-0

[Event "Let's Play Chess!"]
[Site "http://www.queenalice.com/game.php?id=1041459"]
[Date "2012.3.22"]
[Round "-"]
[White "capabllanca"]
[Black "johndyson"]
[Result "0-1"]
[WhiteElo "2110"]
[BlackElo "2231"]

1. d4 d5 2. c4 e6 3. Nc3 c5 4. Nf3 cxd4 5. Nxd4 Nf6 6. Bg5 e5 7. Nf3 d4 8. Bxf6
gxf6 9. Nd5 Be6 10. e4 Rg8 11. Qb3 Nd7 12. Qb5 Bd6 13. b4 a6 14. Qa4 a5 15. c5
Bxd5 16. exd5 axb4 0-1

[Event "Let's Play Chess!"]
[Site "http://www.queenalice.com/game.php?id=1041460"]
[Date "2012.3.22"]
[Round "-"]
[White "capabllanca"]
[Black "Kisshu80"]
[Result "0-1"]
[WhiteElo "1989"]
[BlackElo "1867"]

1. e4 e5 2. Nf3 Nc6 3. d4 exd4 4. Bc4 Bc5 5. O-O d6 6. Re1 Ne5 7. c3 Nxc4 8.
Qa4+ c6 9. Qxc4 b5 10. Qd3 Be6 11. cxd4 Bb6 12. d5 Bd7 13. e5 cxd5 14. exd6+ Be6
15. Qxb5+ Qd7 16. Qxd5 Rd8 17. Bf4 Nf6 18. Qg5 O-O 19. Nc3 h6 20. Qh4 Ng4 21.
Bg3 f5 22. Ne5 Nxe5 23. Bxe5 Kh7 24. Na4 g5 25. Nxb6 axb6 26. Qb4 b5 27. Rac1
Kg6 28. Rc7 Qe8 0-1

[Event "Let's Play Chess!"]
[Site "http://www.queenalice.com/game.php?id=1041461"]
[Date "2012.3.22"]
[Round "-"]
[White "QDigg"]
[Black "capabllanca"]
[Result "0-1"]
[WhiteElo "1150"]
[BlackElo "2071"]

1. d4 Nf6 2. c4 g6 3. b4 Bg7 4. d5 Nxd5 5. cxd5 Bxa1 6. Bh6 Bf6 7. e4 c6 8. a4
Qb6 9. b5 a6 10. dxc6 axb5 11. axb5 bxc6 12. Nf3 Ra1 13. e5 Qa5+ 14. Nfd2 Bxe5
15. Bc4 cxb5 16. Bd5 b4 17. Qf3 e6 18. Bb7 Qc7 19. Be4 Ba6 20. Nb3 d5 21. Qe3
dxe4 22. Qxe4 Rxb1+ 23. Qxb1 Bc3+ 24. Nd2 Qe5+ 25. Be3 O-O 26. f4 Qxe3+ 27. Kd1
Qxd2# 0-1

[Event "Let's Play Chess!"]
[Site "http://www.queenalice.com/game.php?id=1041462"]
[Date "2012.3.22"]
[Round "-"]
[White "Kisshu80"]
[Black "capabllanca"]
[Result "1-0"]
[WhiteElo "1896"]
[BlackElo "1989"]

1. e4 c5 2. Nf3 d6 3. d4 cxd4 4. Nxd4 Nf6 5. f3 a6 6. Be3 e5 7. Nb3 Be6 8. Nc3
Be7 9. Qd2 b5 10. O-O-O Nbd7 11. Nd5 Bxd5 12. exd5 Nb6 13. Bxb6 Qxb6 14. g4 a5
15. g5 Nd7 16. h4 a4 17. Na1 b4 18. Bh3 Nc5 19. c4 bxc3 20. Qxc3 O-O 21. a3 Ra7
22. Nc2 Rc7 23. Kb1 Ne4 24. Qe3 Qxe3 25. Nxe3 Nf2 26. Nf5 Nxh1 27. Rxh1 Rb8 28.
Nxe7+ Rxe7 29. Bg2 Reb7 30. Rg1 1-0

[Event "Let's Play Chess!"]
[Site "http://www.queenalice.com/game.php?id=1043159"]
[Date "2012.3.30"]
[Round "-"]
[White "Scharlatan"]
[Black "capabllanca"]
[Result "1-0"]
[WhiteElo "1970"]
[BlackElo "2051"]

1. e4 c5 2. Nf3 d6 3. d4 cxd4 4. Nxd4 Nf6 5. Nc3 e5 6. Nf3 a6 7. Bg5 Be7 8. Be2
O-O 9. Bxf6 Bxf6 10. Nd5 Nd7 11. O-O Nb6 12. h3 Nxd5 13. Qxd5 Qb6 14. b3 Be6 15.
Qd2 Rac8 16. Qd3 Rfd8 17. Nd2 d5 18. Rfd1 Bh4 19. exd5 Qxf2+ 20. Kh1 1-0

[Event "Let's Play Chess!"]
[Site "http://www.queenalice.com/game.php?id=1043160"]
[Date "2012.3.30"]
[Round "-"]
[White "Scharlatan"]
[Black "capabllanca"]
[Result "1-0"]
[WhiteElo "1989"]
[BlackElo "2032"]

1. e4 c5 2. Nf3 d6 3. d4 cxd4 4. Nxd4 Nf6 5. Nc3 a6 6. Be3 e5 7. Nb3 Be6 8. f3
Be7 9. Qd2 Nbd7 10. g4 Nc5 11. Nxc5 dxc5 12. O-O-O Qa5 13. Kb1 Rd8 14. Nd5 Qxd2
15. Nxf6+ Bxf6 16. Rxd2 Rxd2 17. Bxd2 O-O 18. Be2 Rd8 19. Be3 c4 20. Rd1 1-0

[Event "Challenge"]
[Site "http://www.queenalice.com/game.php?id=1044192"]
[Date "2012.3.30"]
[Round "-"]
[White "Cuxtal"]
[Black "capabllanca"]
[Result "1-0"]
[WhiteElo "2540"]
[BlackElo "2107"]

1. e4 c5 2. Nf3 d6 3. c3 Nf6 4. Qc2 Nc6 5. d4 cxd4 6. cxd4 d5 7. e5 Ne4 8. Nc3
Bf5 9. Qb3 Nxc3 10. bxc3 Qd7 11. Nh4 Bg4 12. h3 Bh5 13. Rb1 Rb8 14. g4 Bg6 15.
Nxg6 hxg6 16. Ba6 e6 17. Bb5 Be7 18. Qa4 Rc8 19. Bxc6 Qxc6 20. Qxc6+ bxc6 21.
Rb7 a5 22. Ke2 g5 23. Ra7 1-0

[Event "Challenge"]
[Site "http://www.queenalice.com/game.php?id=1044194"]
[Date "2012.3.30"]
[Round "-"]
[White "amarkin"]
[Black "capabllanca"]
[Result "1-0"]
[WhiteElo "2605"]
[BlackElo "2106"]

1. e4 c5 2. Nf3 d6 3. d4 cxd4 4. Nxd4 Nf6 5. Nc3 a6 6. f3 e5 7. Nb3 Be6 8. Be3
Be7 9. a4 O-O 10. Qd2 Nbd7 11. a5 Qc7 12. Be2 b5 13. axb6 Nxb6 14. g4 d5 15.
Bxb6 Qxb6 16. Na4 Qa7 17. g5 Nh5 18. Na5 1-0

[Event "Challenge"]
[Site "http://www.queenalice.com/game.php?id=1044195"]
[Date "2012.3.30"]
[Round "-"]
[White "arkadiusz42"]
[Black "capabllanca"]
[Result "0-1"]
[WhiteElo "1516"]
[BlackElo "2091"]

1. Nf3 Nf6 2. e3 d5 3. d4 c5 4. Na3 Nc6 5. Bb5 a6 6. Bxc6+ bxc6 7. dxc5 Bg4 8.
O-O e5 9. h3 Bh5 10. g4 Nxg4 11. b4 Nf6 12. Qe2 e4 13. b5 Bxf3 14. Qd2 Nh5 15.
Kh2 Bxc5 16. Qc3 Bd6+ 0-1

[Event "Challenge"]
[Site "http://www.queenalice.com/game.php?id=1045769"]
[Date "2012.4.4"]
[Round "-"]
[White "aquatico"]
[Black "capabllanca"]
[Result "0-1"]
[WhiteElo "1857"]
[BlackElo "2105"]

1. g4 d5 2. Bg2 Bxg4 3. c4 e5 4. Bxd5 c6 5. Bf3 Nf6 6. Bxg4 Nxg4 7. h3 Qh4 8. d3
Nxf2 9. Nf3 Bb4+ 10. Kf1 Qg3 11. Bd2 Nxd1 12. Be1 Ne3# 0-1

[Event "Challenge"]
[Site "http://www.queenalice.com/game.php?id=1045770"]
[Date "2012.4.4"]
[Round "-"]
[White "aquatico"]
[Black "capabllanca"]
[Result "0-1"]
[WhiteElo "1849"]
[BlackElo "2102"]

1. b4 e5 2. Bb2 Bxb4 3. Bxe5 Nf6 4. Nc3 Nc6 5. Bxf6 Qxf6 6. Nd5 Qd6 7. c4 O-O 8.
e3 Ba5 9. f4 Nb4 10. a3 Nxd5 11. cxd5 Qxd5 12. Qc2 Re8 13. O-O-O d6 14. Nf3 Bf5
15. Qa4 Qa2 16. e4 Rxe4 17. Qb5 Rc4+ 0-1

[Event "Challenge"]
[Site "http://www.queenalice.com/game.php?id=1046304"]
[Date "2012.4.6"]
[Round "-"]
[White "capabllanca"]
[Black "QDigg"]
[Result "0-1"]
[WhiteElo "2106"]
[BlackElo "1143"]

1. e4 b5 2. Bxb5 Ba6 3. Bxa6 Nxa6 4. d4 c5 5. c3 d6 6. Qa4+ Qd7 7. Qxa6 e5 8.
Nf3 Nf6 9. O-O cxd4 10. cxd4 Nxe4 11. dxe5 Be7 12. exd6 Qxd6 13. Qb7 Rd8 14.
Qxe4 Qd1 15. Rxd1 g6 16. Rxd8+ Kxd8 0-1